| 000 -CABECERA |
| Campo de control de longitud fija |
00798nam a22002057a 4500 |
| 005 - FECHA Y HORA DE LA ÚLTIMA TRANSACCIÓN |
| Campo de control |
20211104132600.0 |
| 008 - CAMPO FIJO DE DESCRIPCIÓN FIJA--INFORMACIÓN GENERAL |
| Campo de control de longitud fija |
211104b ||||| |||| 00| 0 eng d |
| 020 ## - ISBN (INTERNATIONAL STANDARD BOOK NUMBER) |
| ISBN |
9788418818455 |
| 040 ## - FUENTE DE CATALOGACIÓN |
| Agencia de catalogación original |
CDMR |
| 100 1# - ENCABEZAMIENTO PRINCIPAL--NOMBRE PERSONAL |
| 9 (RLIN) |
1251 |
| Nombre de persona |
Díaz Nosty, Bernardo |
| 245 ## - MENCIÓN DE TÍTULO |
| Título |
Periodistas en el punto de mira : |
| Parte restante del título |
medio siglo de secuestros y asesinatos en América Latina / |
| Mención de responsabilidad, etc. |
Bernardo Díaz Nosty |
| 260 ## - PUBLICACIÓN, DISTRIBUCIÓN, ETC (PIE DE IMPRENTA) |
| Lugar de publicación, distribución, etc. |
Sevilla : |
| Nombre del editor, distribuidor, etc. |
Renacimiento, |
| Fecha de publicación, distribución, etc. |
2021 |
| 300 ## - DESCRIPCIÓN FÍSICA |
| Extensión |
390 pàgines ; |
| Dimensiones |
24 cm |
| 500 ## - NOTA GENERAL |
| Nota general |
Bibliografia. Índice de asesinatos y desaparecidos (1970-2019) |
| 650 #0 - ASIENTO SECUNDARIO DE MATERIA--TÉRMINO DE MATERIA |
| 9 (RLIN) |
1574 |
| Nombre de materia o nombre geográfico como elemento de entrada |
Llibertat d'informació |
| Subdivisión geográfica |
Amèrica Llatina |
| 650 #0 - ASIENTO SECUNDARIO DE MATERIA--TÉRMINO DE MATERIA |
| 9 (RLIN) |
3725 |
| Nombre de materia o nombre geográfico como elemento de entrada |
Periodistes |
| Subdivisión geográfica |
Amèrica Llatina |
| 650 #0 - ASIENTO SECUNDARIO DE MATERIA--TÉRMINO DE MATERIA |
| 9 (RLIN) |
1255 |
| Nombre de materia o nombre geográfico como elemento de entrada |
Periodistes perseguits |
| Subdivisión geográfica |
Amèrica Llatina |
| 650 #0 - ASIENTO SECUNDARIO DE MATERIA--TÉRMINO DE MATERIA |
| 9 (RLIN) |
1582 |
| Nombre de materia o nombre geográfico como elemento de entrada |
Llibertat d'impremta |
| Subdivisión geográfica |
Amèrica Llatina |
| 942 ## - ELEMENTOS KOHA |
| Fuente de clasificación o esquema de ordenación en estanterías |
|
| Koha tipo de item |
Monografies |